BUBT Library Online Catalog

Sociology : Primary Principle of Sociology With an Introduction to Social Thought (Record no. 1238)

000 -LEADER
fixed length control field 00687nam a2200229Ia 4500
003 - CONTROL NUMBER IDENTIFIER
control field BUBTL
008 - FIXED-LENGTH DATA ELEMENTS--GENERAL INFORMATION
fixed length control field 151213s9999 xx 000 0 und d
020 ## - INTERNATIONAL STANDARD BOOK NUMBER
International Standard Book Number 81-219-1036-6
082 ## - DEWEY DECIMAL CLASSIFICATION NUMBER
Classification number 301
Item number RAS
100 ## - MAIN ENTRY--PERSONAL NAME
Personal name C.N.Shanker Rao
245 ## - TITLE STATEMENT
Title Sociology : Primary Principle of Sociology With an Introduction to Social Thought
Statement of responsibility, etc. C.N.Shanker Rao
250 ## - EDITION STATEMENT
Edition statement 4th
260 ## - PUBLICATION, DISTRIBUTION, ETC. (IMPRINT)
Place of publication, distribution, etc. New Delhi
Name of publisher, distributor, etc. S.Chand
Date of publication, distribution, etc. 2004
300 ## - PHYSICAL DESCRIPTION
Extent [xiii] , 695p . :
Other physical details ill , Table ; 22cm .
Dimensions Sociology .
500 ## - GENERAL NOTE
General note Includes Bibliography .
650 ## - SUBJECT ADDED ENTRY--TOPICAL TERM
Topical term or geographic name as entry element Social Science
650 ## - SUBJECT ADDED ENTRY--TOPICAL TERM
Topical term or geographic name as entry element Sociology
700 ## - ADDED ENTRY--PERSONAL NAME
Personal name C.N.Shanker Rao
856 ## - ELECTRONIC LOCATION AND ACCESS
Password 0
Logon 0
Link text Download
942 ## - ADDED ENTRY ELEMENTS (KOHA)
Source of classification or shelving scheme
Koha item type Books
Holdings
Withdrawn status Lost status Source of classification or shelving scheme Damaged status Not for loan Collection code Permanent location Current location Shelving location Date acquired Inventory number Total Checkouts Total Renewals Full call number Barcode Checked out Date last seen Date last checked out Copy number Price effective from Koha item type
          Non-fiction Bangladesh University of Business and Technology Library Bangladesh University of Business and Technology Library Economics Stacks 04/10/2018 1544 10 3 301 RAS BUBTL-20031544 07/25/2024 07/16/2024 07/16/2024 C-1 04/10/2018 Books
          Non-fiction Bangladesh University of Business and Technology Library Bangladesh University of Business and Technology Library Economics Stacks 04/10/2018 2261 8 3 301 RAS BUBTL-20032261   04/12/2023 01/02/2023 C-2 04/10/2018 Books
          Non-fiction Bangladesh University of Business and Technology Library Bangladesh University of Business and Technology Library Economics Stacks 04/10/2018 2260 4 3 301 RAS BUBTL-20032260   03/06/2024 08/22/2022 C-3 04/10/2018 Books
          Non-fiction Bangladesh University of Business and Technology Library Bangladesh University of Business and Technology Library Economics Stacks 04/10/2018 1543 7 1 301 RAS BUBTL-20031543   07/30/2023 07/17/2023 C-4 04/10/2018 Books
          Non-fiction Bangladesh University of Business and Technology Library Bangladesh University of Business and Technology Library Economics Stacks 04/10/2018 1542 6   301 RAS BUBTL-20031542   07/17/2023 07/16/2023 C-5 04/10/2018 Books

More Information About Library

Library Hours

  • Open: 9.00 am. to 9.00 pm.
  • Only Sunday: 9.00 am. to 6.00 pm.
  • Closed: Holiday

Contact to the University

Bangladesh University of Business and Technology Library

  • Mirpurl-2, 1216.
  • Phone:
  • Fax:
  • E-Mail: admin.library@bubt.edu.bd

Contact to the Library

Contact Person:

Md. Abdul Hakim Shah
Joint Librarian
PABX No:  113
Cell No: 01816332931
E-mail: official: admin.library@bubt.edu.bd
Personal: hakim.shah@bubt.edu.bd


BUBT Library

Copyright © 2021